Prínos do repertoáru Opera SND uviedla Verdiho Simona Boccanegru

Bibliographic Details
Main Author: Palovčík, Michal, 1921-2002 (Author)
Format: Article
Language:Slovak
Subjects:

MARC

LEADER 00000nab a2200000 a 4500
001 vtls000204515
003 SK-MaSNL
005 20260304010702.0
008 040806c1985 xo 0 slo
015 |a SNBRB19rr/mm-uuuuu 
035 |a CL0214628 
040 |a SNKBUCL  |b slo  |c SNKBUCL  |e AACR2 
041 0 |a slo 
044 |a xo  |c SK 
080 |a 792.5  |2 1981 
100 1 |a Palovčík, Michal,  |d 1921-2002  |4 aut  |9 105075 
245 1 0 |a Prínos do repertoáru  |b Opera SND uviedla Verdiho Simona Boccanegru  |c Michal Palovčík 
600 1 7 |a Verdi, Giuseppe,  |d 1813-1901  |t Simon Boccanegra  |2 snkbucl  |9 103735 
610 2 7 |a Slovenské národné divadlo.  |b Opera  |2 snkbucl  |9 65024 
650 0 7 |a opery  |2 snkbucl  |9 3214 
655 7 |a recenzie  |2 snkbucl  |9 21907 
655 7 |a články z novín a časopisov  |2 snkbucl  |9 267496 
773 0 |t Pravda  |g Roč. 66, č. 20 (24. 1. 1985), s. 5 
850 |a Slovenská národná knižnica v Martine  |a MTA001 
852 |a SNK  |b KIS3GCP 
999 |c 2562213  |d 2564143